000 00656nam a22002177a 4500
005 20170124110201.0
010 _aA-897606
020 _c00.00
_a8120720040
035 _aA-897606
037 _bCen Lib/Ret
040 _aDPL
_bEN
082 _a181.41
_bGRA
100 _aGrafio, Sai
_936260
245 _aMysteries :
_cby Sai Grafio
_bancient and modern /
260 _aNew Delhi
_bSterling Publishers
_c1997
270 _aL-10, Green Park Extension
_bNew Delhi
_e110016
300 _aix,149p.
_c21cm(Hb)
650 _aMysteries, Religious
_936261
650 _aMysteries, Religious, in art
_936262
942 _2ddc
_cEN
_h181.41
_mGRA
999 _c132946
_d132946